Quiz do Neymar - Statistics

Estatísticas Gerais
  • Esse quiz foi jogado 690 vezes
    667 desde o último reset
  • A pontuação média é 11 de 15
Estatísticas das Respostas
Questão Resposta % Correto
Que Atriz famosa Neymar teve relações durante boa parte da sua carreira Bruna Marquezine
98%
Em que Clube Neymar iniciou sua carreira profissional Santos FC
94%
Quem ele precisa ultrapassar para se tornar o maior artilheiro da Seleção Pelé
93%
Contra que adversário ele fez um gol que recebeu o Prêmio Puskas 2011 Flamengo
90%
Em que show de TV produzido pela Netflix, Neymar fez uma aparição interpretando o personagem "João" La Casa de Papel
80%
Em que partida da Copa do Mundo 2014, ele sofreu uma lesão que o tirou da competição e do esporte por um longo período Brasil 2x1 Colômbia
79%
Quais desses títulos ele não conquistou na Carreira Liga Europa
77%
Em quais anos ele ficou em 3° Lugar na Premiação da Bola de Ouro 2015 e 2017
75%
Em que Cidade nasceu Neymar Mogi das Cruzes - SP
75%
Para que time ele torcia quando criança Palmeiras
75%
Quantas Copas do Mundo Neymar jogou até hoje 2
65%
Qual destes títulos Neymar Não conquistou pela Seleção Copa América
63%
Qual destes goleiros nunca sofreu gol de Neymar Courtois
52%
Qual dos jogadores abaixo Neymar não jogou junto pela Seleção Adriano
43%
Que jogador usava a 10 do PSG antes da chegada de Neymar Javier Pastore
35%
Nenhum quiz correspondente encontrado
Distribuição das Pontuações
Porcentagem de Pessoas com Cada Pontuação
Percentil de Números Respondidos
Sua Pontuação Histórica
Você não jogou esse quiz desde o último reset